Artic monkeys songs of all time - Statistics

General Stats
  • This quiz has been taken 119 times
  • The average score is 17 of 80
Answer Stats
% Correct
505
85%
Do i wanna know
72%
I wanna be yours
67%
Fluorescent Adolescent
55%
Knee socks
55%
Arabella
53%
R U mine
51%
No 1 party anthem
44%
Suck it and see
39%
Snap out of it
38%
Teddy picker
36%
I bet you look good on the dance floor
35%
Mardy bum
35%
When the sun goes down
34%
The car
33%
Crying lightning
31%
Fireside
31%
One for the road
30%
Why'd you only call me when your high
30%
Brianstorm
29%
Balaclava
25%
Cornerstone
25%
Riot van
24%
D is for dangerous
22%
Mad sounds
22%
Tranquility base hotel & casino
21%
Fake tales of San Francisco
20%
A certain romance
19%
Body paint
19%
Four out of five
19%
I want it all
19%
Old yellow bricks
19%
Do me a favour
18%
Only ones who know
18%
She's thunderstorms
18%
The view from the afternoon
18%
This house is a circus
18%
Dancing shoes
17%
Piledriver waltz
17%
Secret door
16%
Still Take You Home
16%
The jewellers hand
16%
Black treacle
15%
There'd better be a mirrorball
15%
Don't Sit Down 'Cause I've Moved Your Chair
12%
From the Ritz to the rubble
12%
Pretty visitors
12%
The bad thing
12%
Big ideas
11%
Brick by brick
11%
Dance little liar
11%
Fire and the thud
11%
Hello you
11%
Jet skis on the moat
11%
Love is a laserquest
11%
Sculptures of anything goes
11%
Star treatment
11%
All My Own Stunts
10%
If you were there beware
10%
Library Pictures
10%
Mr Schwartz
10%
Perfect sense
10%
Reckless Serenade
10%
The Hellcat Spangled Shalalala
10%
The ultracheese
10%
Dangerous animals
9%
Potion approaching
9%
She looks like fun
8%
The World's First Ever Monster Truck Front Flip
8%
You Probably Couldn't See for the Lights but You Were Staring Straight at Me
8%
Batphone
7%
I ain't quite where I think I am
7%
One point perspective
7%
Red lights indicate doors are secured
7%
American sports
6%
Golden trunks
6%
Science fiction
6%
That's where your wrong
6%
My propellar
4%
Perhaps vampires a bit strong but
2%
No matching quizzes found
Score Distribution
Percent of People with Each Score
Percentile by Number Answered
Your Score History
You have not taken this quiz